000 00642nam a2200181Ia 4500
008 100920s9999 xx 000 0 und d
082 _b54220
_a539 थ 85
100 _aमोघे मनोहर मो.
245 _aसंवादातून विज्ञान भा. 4 .
260 _bअनिरुध्द साहित्य, पुणे.
_c1985
300 _a79
_bसाधी
365 _b15
520 _aशाआ.
630 _aसंवादातून विज्ञान भा. 4 .
650 _aशाआ.
730 _aसंवादातून विज्ञान भा. 4 .
942 _cBOOK
999 _c699106
_d699103